[Event "Padova op-B 2nd"]
[Site "Padova"]
[Date "1999.12.19"]
[Round "6.37"]
[White "Tessari, Gianni"]
[Black "Spinoso, Giovanni"]
[Result "1/2-1/2"]
[WhiteElo "1600"]
[BlackElo "1500"]
[PlyCount "109"]
[EventDate "1999.12.11"]
[EventType "swiss"]
[EventRounds "6"]
[EventCountry "ITA"]
[SourceTitle "EXT 2024"]
[Source "ChessBase"]
[SourceDate "2023.10.10"]
[SourceVersion "1"]
[SourceVersionDate "2023.10.10"]
[SourceQuality "1"]

1. e4 c5 2. Nf3 d6 3. d4 cxd4 4. Nxd4 Nf6 5. Nc3 a6 6. Bd3 Nbd7 7. 0-0 b5 8. a3 Bb7 9. b4 Rc8 10. Bb2 Qb6 11. Nf5 e6 12. Ng3 g6 13. Rc1 Bg7 14. Nce2 e5 15. Bc3 0-0 16. Bd2 d5 17. exd5 Nxd5 18. c4 bxc4 19. Bxc4 f5 20. Qb3 N7f6 21. Bg5 Kh8 22. Bxf6 Nxf6 23. Nc3 Rcd8 24. Rcd1 Qc6 25. f3 Ng4 26. Nd5 Nf6 27. Nxf6 Bxf6 28. Ne2 Rxd1 29. Rxd1 Rd8 30. Rxd8+ Bxd8 31. Kf1 Qb6 32. Qc3 Bf6 33. Bb3 Qc6 34. Qxc6 Bxc6 35. Bc4 Bb7 36. Nc3 e4 37. Nd5 Bxd5 38. Bxd5 exf3 39. gxf3 Bb2 40. a4 Bc3 41. b5 axb5 42. axb5 Bd4 43. Ke2 h5 44. Kd3 Bb6 45. Bc6 Kg7 46. Be8 h4 47. h3 Kf6 48. Kc4 g5 49. Kd5 g4 50. fxg4 fxg4 51. hxg4 h3 52. Kc4 h2 53. Bc6 Kg5 54. Bh1 Kxg4 55. Kd5 1/2-1/2

[Event "Padova op-B 2nd"]
[Site "Padova"]
[Date "1999.12.12"]
[Round "3.38"]
[White "Catti, Patrick"]
[Black "Tessari, Gianni"]
[Result "0-1"]
[WhiteElo "1491"]
[BlackElo "1600"]
[PlyCount "72"]
[EventDate "1999.12.11"]
[EventType "swiss"]
[EventRounds "6"]
[EventCountry "ITA"]
[SourceTitle "EXT 2024"]
[Source "ChessBase"]
[SourceDate "2023.10.10"]
[SourceVersion "1"]
[SourceVersionDate "2023.10.10"]
[SourceQuality "1"]

1. d4 d5 2. Nc3 Nf6 3. h3 g6 4. Nf3 Bg7 5. a3 Nc6 6. Bf4 0-0 7. Qd2 Ne4 8. Qe3 Nxc3 9. bxc3 Bd7 10. Bh6 e6 11. Bxg7 Kxg7 12. g4 Re8 13. Ne5 f6 14. Nxc6 Bxc6 15. Qg3 e5 16. Bg2 Ba4 17. Ra2 Qd7 18. 0-0 exd4 19. Re1 Bb5 20. cxd4 Rxe2 21. Rxe2 Bxe2 22. c3 Bc4 23. Rd2 Rc8 24. g5 Rf8 25. h4 Qe7 26. f4 Qxa3 27. f5 Qc1+ 28. Kh2 Qxd2 29. Qxc7+ Kg8 30. gxf6 Rxf6 31. Qc8+ Kg7 32. Qc7+ Kh6 33. Kg3 Rxf5 34. Qd6 Qf2+ 35. Kh3 Qe3+ 36. Kg4 Be2+ 0-1